15 największych miast w województwie małopolskim - Statystyki

Ogólne statystyki
  • Ten quiz został rozwiązany 78 razy
  • Średni wynik to 11 z 15
Statystyki odpowiedzi
Mieszkańcy Miasto % Poprawnych
779 966 Kraków
100%
83 558 Nowy Sącz
94%
107 498 Tarnów
94%
26 846 Zakopane
90%
24 252 Wieliczka
85%
33 257 Nowy Targ
84%
37 569 Oświęcim
79%
29 554 Bochnia
75%
26 973 Gorlice
67%
34 757 Olkusz
63%
36 118 Chrzanów
61%
19 837 Andrychów
52%
24 366 Skawina
49%
19 507 Trzebinia
40%
18 443 Kęty
28%
Nie znaleziono quizów pasujących do podanych kryteriów
Rozkład punktacji
Procent ludzi z każdym wynikiem
Percentyl według liczby udzielonych odpowiedzi
Twoja historia wyników
Nie rozwiązałeś tego quizu